Схема испытаний тяговых частотно - регулируемых асинхронных электродвигателей; Известия вузов. Электромеханика; № 3
| Parent link: | Известия вузов. Электромеханика/ Южно-Российский государственный технический университет (Новочеркасский политехнический институт) (ЮРГТУ (НПИ)).— , 1958- № 3.— 2006.— [С.46-48] |
|---|---|
| 1. Verfasser: | |
| Weitere Verfasser: | , |
| Zusammenfassung: | Заглавие с экрана Предложена схема взаимной нагрузки для испытаний по системе асинхронный двигатель - асинхронный генератор. Данная схема позволит экономить электроэнергию в процессе длительных испытаний и может быть использована на испытательных станциях частотно-регулируемых электродвигателей. Режим доступа: по договору с организацией-держателем ресурса |
| Sprache: | Russisch |
| Veröffentlicht: |
2006
|
| Schlagworte: | |
| Online-Zugang: | http://elibrary.ru/item.asp?id=12160455 |
| Format: | Elektronisch Buchkapitel |
| KOHA link: | https://koha.lib.tpu.ru/cgi-bin/koha/opac-detail.pl?biblionumber=639211 |
MARC
| LEADER | 00000naa0a2200000 4500 | ||
|---|---|---|---|
| 001 | 639211 | ||
| 005 | 20250212155240.0 | ||
| 035 | |a (RuTPU)RU\TPU\network\3630 | ||
| 090 | |a 639211 | ||
| 100 | |a 20150226d2006 k||y0rusy50 ca | ||
| 101 | 0 | |a rus | |
| 102 | |a RU | ||
| 135 | |a drcn ---uucaa | ||
| 181 | 0 | |a i | |
| 182 | 0 | |a b | |
| 200 | 1 | |a Схема испытаний тяговых частотно - регулируемых асинхронных электродвигателей |f Е. В. Бейерлейн, О. Л. Рапопорт, А. Б. Цукублин | |
| 203 | |a Текст |c электронный | ||
| 300 | |a Заглавие с экрана | ||
| 330 | |a Предложена схема взаимной нагрузки для испытаний по системе асинхронный двигатель - асинхронный генератор. Данная схема позволит экономить электроэнергию в процессе длительных испытаний и может быть использована на испытательных станциях частотно-регулируемых электродвигателей. | ||
| 333 | |a Режим доступа: по договору с организацией-держателем ресурса | ||
| 461 | |t Известия вузов. Электромеханика |f Южно-Российский государственный технический университет (Новочеркасский политехнический институт) (ЮРГТУ (НПИ)) |d 1958- | ||
| 463 | |t № 3 |v [С.46-48] |d 2006 | ||
| 610 | 1 | |a электронный ресурс | |
| 610 | 1 | |a труды учёных ТПУ | |
| 700 | 1 | |a Бейерлейн |b Е. В. |c специалист в области электротехники |c доцент Томского политехнического университета, кандидат технических наук |f 1982- |g Евгений Викторович |3 (RuTPU)RU\TPU\pers\25891 |9 11744 | |
| 701 | 1 | |a Рапопорт |b О. Л. |c специалист в области электротехники |c доцент Томского политехнического университета, кандидат технических наук |f 1946- |g Олег Лазаревич |3 (RuTPU)RU\TPU\pers\25687 |9 11598 | |
| 701 | 1 | |a Цукублин |b А. Б. |c специалист в области электротехники |c доцент Томского политехнического университета, кандидат технических наук |f 1939- |g Анатолий Борисович |3 (RuTPU)RU\TPU\pers\27934 | |
| 801 | 2 | |a RU |b 63413507 |c 20150420 |g RCR | |
| 856 | 4 | |u http://elibrary.ru/item.asp?id=12160455 | |
| 942 | |c CF | ||